El Embarazo, el parto y el recién nacido : (Registro nro. 5355)
[ vista simple ]
| 000 -CABECERA | |
|---|---|
| campo de control de longitud fija | 00858nam a2200277 a 4500 |
| 001 - NÚMERO DE CONTROL | |
| campo de control | Rebiun07035994 |
| 003 - IDENTIFICADOR DEL NÚMERO DE CONTROL | |
| campo de control | AR-RoIUNI |
| 005 - FECHA Y HORA DE LA ÚLTIMA TRANSACCIÓN | |
| campo de control | 20220215130855.0 |
| 008 - DATOS DE LONGITUD FIJA--INFORMACIÓN GENERAL | |
| campo de control de longitud fija | 060830s2006 sp ao || 001 ||spa| |
| 017 ## - NÚMERO DE COPYRIGHT O DE DEPÓSITO LEGAL | |
| Número de copyright o de depósito legal | DL B. 12017-2006 |
| 020 ## - NÚMERO INTERNACIONAL ESTÁNDAR DEL LIBRO | |
| Número Internacional Estándar del Libro | 8497990218 |
| 040 ## - FUENTE DE LA CATALOGACIÓN | |
| Centro/agencia transcriptor | AR-RoIUNI |
| 041 1# - CÓDIGO DE LENGUA | |
| Código de lengua del texto/banda sonora o título independiente | spa. |
| Código de lengua original | eng |
| 080 ## - NÚMERO DE LA CLASIFICACIÓN DECIMAL UNIVERSAL | |
| Número de la Clasificación Decimal Universal | 618.2/.4 |
| 100 1# - ENTRADA PRINCIPAL--NOMBRE DE PERSONA | |
| Nombre de persona | Simkin, Penny |
| 245 13 - MENCIÓN DE TÍTULO | |
| Título | El Embarazo, el parto y el recién nacido : |
| Resto del título | La guía completa / |
| Mención de responsabilidad, etc. | Penny Simkin, Janet Whalley, Ann Keppler ; [traducción María Eleonor Gorga] |
| 260 ## - PUBLICACIÓN, DISTRIBUCIÓN, ETC. (PIE DE IMPRENTA) | |
| Lugar de publicación, distribución, etc. | Buenos Aires : |
| Nombre del editor, distribuidor, etc. | Atlantida, |
| Fecha de publicación, distribución, etc. | 1993 |
| 300 ## - DESCRIPCIÓN FÍSICA | |
| Extensión | 522 p. : |
| Otras características físicas | il. ; |
| Dimensiones | 24 cm |
| 500 ## - NOTA GENERAL | |
| Nota general | Tit. orig.: Pregnancy, childbirth and the newborn |
| 650 04 - PUNTO DE ACCESO ADICIONAL DE MATERIA--TÉRMINO DE MATERIA | |
| Término de materia o nombre geográfico como elemento inicial | Embarazo |
| 9 (RLIN) | 211 |
| 650 04 - PUNTO DE ACCESO ADICIONAL DE MATERIA--TÉRMINO DE MATERIA | |
| Término de materia o nombre geográfico como elemento inicial | Cura prenatal |
| 650 04 - PUNTO DE ACCESO ADICIONAL DE MATERIA--TÉRMINO DE MATERIA | |
| Término de materia o nombre geográfico como elemento inicial | Naixement |
| 700 1# - PUNTO DE ACCESO ADICIONAL--NOMBRE DE PERSONA | |
| Nombre de persona | Whalley, Janet ( |
| Fechas asociadas al nombre | 1945-) |
| 700 1# - PUNTO DE ACCESO ADICIONAL--NOMBRE DE PERSONA | |
| Nombre de persona | Keppler, Ann ( |
| Fechas asociadas al nombre | 1946-) |
| 942 ## - ELEMENTOS DE PUNTO DE ACCESO ADICIONAL (KOHA) | |
| Fuente del sistema de clasificación o colocación | Clasificación Decimal Universal |
| Tipo de ítem Koha | Libros |
| Estado de retiro | Estado de pérdida | Fuente del sistema de clasificación o colocación | Estado dañado | Excepción de préstamo | Código de colección | Localización permanente | Ubicación/localización actual | Ubicación en estantería | Fecha de adquisición | Fuente de adquisición | Número de inventario | Total de préstamos | Signatura topográfica completa | Código de barras | Fecha visto por última vez | Precio válido a partir de | Tipo de ítem Koha |
|---|---|---|---|---|---|---|---|---|---|---|---|---|---|---|---|---|---|
| Clasificación Decimal Universal | Medicina | BIBLIOTECA CENTRAL | BIBLIOTECA CENTRAL | BIBLIOTECA CENTRAL | 15/02/2022 | Donación | 7108 | 618.2/.4 SIM | 7108 | 15/02/2022 | 15/02/2022 | Libros |

